Vývoj inkubátorov vo vyspelých ekonomikách (USA a Spolkovej republiky Nemecko)

História zakladania a vývoj inkubátorov vo svetovom hospodárstve. V súčasnosti je v USA cez 500, v Nemecku okolo 370 technologických inkubátorov. Kedy sú inkubátory životaschopné a úspešné. Výhody riadenia niekoľkých inkubátorov jedným manažérom. Výhody účasti podnikateľskej sféry v inkubátore, ktor...

Full description

Saved in:
Bibliographic Details
Main Author: Rosenberg, Miloslav
Other Authors: Mečár, Miroslav
Format: Book Chapter
Language:Slovak
Subjects:
Tags: Add Tag
No Tags, Be the first to tag this record!

MARC

LEADER 00000naa$a2200000$$$4500
001 0060674
005 20240502071655.7
041 0 |a slo 
044 |a SK 
245 1 0 |a Vývoj inkubátorov vo vyspelých ekonomikách (USA a Spolkovej republiky Nemecko)  |c Miloslav Rosenberg, Miroslav Mečár 
520 |a História zakladania a vývoj inkubátorov vo svetovom hospodárstve. V súčasnosti je v USA cez 500, v Nemecku okolo 370 technologických inkubátorov. Kedy sú inkubátory životaschopné a úspešné. Výhody riadenia niekoľkých inkubátorov jedným manažérom. Výhody účasti podnikateľskej sféry v inkubátore, ktorý je založený pri univerzite. Technologické inkubátory sú významným determinantom zapájania MSP do vedy, výskumu, iniovácií, tvorby patentov, rýchleho uplatňovania výsledkov vedy a výskumu do hospodárskej praxe, ale súčasne aj využívania kvalifikovaných ľudských zdrojov a zvyšovania konkurencieschopnosti regiónov. Technologický inkubátor na Slovensku. 
610 2 0 |a inkubátory podnikateľské 
610 2 0 |a história 
610 2 0 |a USA 
610 2 0 |a Nemecko 
610 2 0 |a veda 
610 2 0 |a výskum 
610 2 0 |a inovácia 
610 2 0 |a politika podnikania 
610 2 0 |a Slovensko 
100 1 |a Rosenberg, Miloslav 
700 1 |a Mečár, Miroslav